Largest Football Club Stadiums In Europe by Picture - Statistics

General Stats
  • This quiz has been taken 370 times
    282 since last reset
  • The average score is 9 of 20
Answer Stats
Picture Hint Answer % Correct
99,354 Camp Nou
96%
83,186 Santiago Bernabéu Stadium
90%
75,811 Old Trafford
85%
75,000 Allianz Arena
81%
80,018 San Siro
74%
81,359 Signal Iduna Park
57%
60,361 Emirates Stadium
56%
74,648 Olympiastadion
45%
62,303 Tottenham Hotspur Stadium
43%
60,500 Celtic Park
42%
67,000 Stade Velodrome
42%
61,673 VELTINS-Arena
30%
72,698 Stadio Olimpico
28%
64,400 Estadio da Luz
24%
68,000 Wanda Metropolitano
22%
76,092 Ataturk Olimpiyat Stadium
21%
60,721 Estadio Benito Villamarín
8%
60,441 Mercedes-Benz-Arena
8%
70,050 NSC Olimpiyskiy
2%
68,000 Saint Petersburg Stadium
2%
No matching quizzes found
Score Distribution
Percent of People with Each Score
Percentile by Number Answered
Your Score History
You have not taken this quiz since the last reset